01584cam a22003494i 4500003000900000005001700009008004100026035001900067040003300086082002100119100003300140245005000173264005400223300006300277336002100340337002500361338002300386505069100409526000901100526000901109526000901118526000901127526000901136526000901145526000801154526000801162526000801170526000801178526000801186526000801194650003201202PE-LiUPU20250731184542.0150623s r 000 0 d a(Sirsi) a26165 aPE-LiUPUbspacPE-LiUPUerda04a915.694bK192211 aKaminker, Sarah Fox,eautor.10aFootloose in Jerusalem /cSarah Fox Kaminker. 1aJerusalem, Israel :bFootloose Publishers,c1988. a209 páginas :bilustraciones mapas, gráficos ;c23 cm. atext2rdacontent aunmediated2rdamedia avolume2rdacarrier0 aFootnotes to footloose. Tips for walkers. -An introduction to Jerusalem. -Dates to remember: From kig David to the six-day war. -The first walk: From the mount of olives to the waters of Rogel. -The second walk: From remez square to Mount Zion. -The third walk: From wingate square through the Geman colony. -The fourth walk: From place de France to the craftsma's courtyard. -The fifth walk: From Zion square through me'a she'arim. The sixth walk: From Damascus gate through the moslem quarter. -The seventh walk: From New gate through the christian and Armenian quarters. -The eighth walk: From dung gate through the Jewihs quarter. -Don't leave without seeing. List of illustrations. aP136 aP135 aP134 aP133 aP144 aP143 aP87 aP35 aP20 aP14 aP10 aP0604aTurismoxGuíazJerusalen.